00931nas a2200289 4500001001300000003000900013005001700022007000300039008003400042040005400076041000900130072001300139100002300152100001800175100001600193100001700209100001800226100002100244245010600265650002300371650002100394650002400415650001400439650001200453773012300465856005300588BR2013005723BR-BrBNA20231205122659.0ta230509b bl.|||p| |||| 00| 00por d aBR-BrBNAbporcBiblioteca Nacional de Agricultura a(Pt) aP36; T011 aSilveira, F. de M.1 aFavaretto, N.1 aDieckow, J.1 aPauletti, V.1 aVezzani, F.M.1 aSilva, E.D.B. da1 aDejeto líquido bovino em plantio direto: Perda de carbono e nitrogênio por escoamento superficial aEROSÃO HÍDRICA aADUBO ORGÂNICO aQUALIDADE DA ÁGUA aNUTRIENTE aNITRATO0 tRevista Brasileira de Ciência do Solo (Brazil)xISSN 0100-0683 g(Sep-Oct 2011), v. 35(5) p. 1759-1767wBR201300572340uhttp://www.scielo.br/pdf/rbcs/v35n5/a30v35n5.pdf